Normal view
MARC view
- Gugale, G. S. And Others
Entry Personal Name
001 - CONTROL NUMBER
- control field: 69257
003 - CONTROL NUMBER IDENTIFIER
- control field: OSt
005 - DATE AND TIME OF LATEST TRANSACTION
- control field: 20220806111550.0
008 - FIXED-LENGTH DATA ELEMENTS
- fixed length control field: 220806|| aca||aabn | a|a d
040 ## - CATALOGING SOURCE
- Original cataloging agency: OSt
- Transcribing agency: OSt
100 ## - HEADING--PERSONAL NAME
- Personal name: Gugale, G. S. And Others
670 ## - SOURCE DATA FOUND
- Source citation: Work cat.: (OSt)38860: Gugale, G. S. And Others, Organic And Inorganic Chemistry (sem-iii, Paper-4), 2014